| 000 | 00686cam a2200253 i 4500 | ||
|---|---|---|---|
| 001 | 1102 | ||
| 003 | BD-RjUL | ||
| 005 | 20211208233257.0 | ||
| 008 | 131124s1977 enk b 001 0 eng | ||
| 020 | _a0571091075 : | ||
| 035 | _a(BD-RjUL)1124 | ||
| 040 |
_aDLC _cDLC _dBD-RjUL _beng |
||
| 041 | _aeng | ||
| 082 | 0 | 4 |
_a069 _222 _bFIP 1977 |
| 100 | 1 |
_aFinlay, Ian _d1906- _93256 |
|
| 245 | 1 | 0 |
_aPriceless heritage : _bthe future of museums / _cIan Finlay. |
| 260 |
_aLondon : _bFaber and Faber, _cc1977. |
||
| 300 |
_a183 p. ; _c23 cm. |
||
| 504 | _aInclude Bibliography and includes index. | ||
| 650 | 0 |
_aMuseums. _93257 |
|
| 942 |
_2ddc _cBK |
||
| 999 |
_c1102 _d1102 |
||